=LDR 00000nam 2200000 4500 =001 INLIS000000000023048 =005 20150122102549.0 =006 =007 =008 Ind =035 ##$$0010-061300000023048 =041 ##$$a Ind =082 ##$$a 658.15 =090 ##$$a 658.15, Sun-m =100 ##$$a Sundjaja, Ridwan S =245 ##$$a Manajemen keuangan kedua, Ridwan S. Sundjaja, Inge Barlian =260 ##$$a 2003 $b Jakarta =300 ##$$a xiv, 516 hlm., ilus, 25 cm =650 ##$$a Manajemen Keuangan =850 ##$$a NBPNMAT =990 ##$$a 93585/BPAP-NTB/2014 =990 ##$$a 0001/BPAP-NTB/20142014